000 00600cam a22002054a 4500
005 20250605164224.0
008 250528s ||||||||||||||||||||||||d
035 _a20801
020 _a9607623398
040 _aGR-AtMCL
_bgre
_dGR-AtMCL
_eAACR2
245 1 _aΕΙΣΑΓΩΓΗ ΣΤΗ ΧΡΗΜΑΤΟΟΙΚΟΝΟΜΙΚΗ ΛΟΓΙΣΤΙΚΗ
250 _a1
260 _bΓερμανος,
_c2006
300 _a374
700 1 _aΚαραγιωργος Θεοφανης
_95884
700 1 _aΠαπαδοπουλος Δημητριος
_95885
942 _cBK
999 _c5883
_d5883